000 01007nam a22002537a 4500
001 76133
003 BD-RjUL
005 20211209082810.0
008 191029s2016 bg ||||| |||| 00| 0 ben d
020 _a9789849144908
035 _a(BD-RjUL)76354
040 _aBD-RjUL
_beng
_cBD-RjUL
041 _aeng
082 _223
_a070.401
_bHAS 2016
100 _aহক, মাহামুদুল
_9234211
245 _aসাংবাদিকতা :
_bঅফলাইন অনলাইন /
_cমাহামুদুল হক
260 _aঢাকা :
_bএকাডেমিক প্রেস এন্ড পাবলিশার্স লাইব্রেরি,
_c২০১৬
300 _a২৪৪ পৃ. ;
_c২২ সেমি.
504 _aবিবলিওগ্রাফি অন্তর্ভূক্ত।
650 _aJournalism
_vHandbooks, manuals, etc.
_9234212
650 _aJournalism
_9234213
650 _aসাংবাদিকতা
_9234214
942 _2ddc
_cBK
999 _c76133
_d76133